| 000 | 01754nmc a2200565 a 4500 | ||
|---|---|---|---|
| 003 | AR-BaBNM | ||
| 005 | 20251128205458.0 | ||
| 008 | 047119s1993 ||||||||||||||000 | spa|| | ||
| 020 | _a84-7960-056-X | ||
| 040 | _cAR-BaBNM | ||
| 245 | 1 | 0 | _aLa revolución de los medios audiovisuales |
| 250 | _a1ª ed. | ||
| 260 |
_aMadrid _bEdiciones de la Torre _c1993 |
||
| 300 | 0 |
_a438 p. _bdiagr., il. |
|
| 490 | 0 |
_aProyecto Didáctico Quirón. Medios de comunicación y enseñanza _vv. 42 |
|
| 500 | 0 | _aContiene referencias bibliográficas en notas | |
| 500 | 0 | _aAnexo; Instituciones o personas que trabajan la educación de los medios en el contexto internacional: p. 433-438 | |
| 610 | 2 | 4 | _aMassachusetts Institute of Technology |
| 650 | 4 | _aMEDIOS DE COMUNICACION | |
| 650 | 4 | _aENSENANZA AUDIOVISUAL | |
| 650 | 4 | _aCOMUNICACION AUDIOVISUAL | |
| 650 | 4 | _aRADIO | |
| 650 | 4 | _aTELEVISION | |
| 650 | 4 | _aPROGRAMAS DE TELEVISION | |
| 650 | 4 | _aTELENOVELAS | |
| 650 | 4 | _aFOTOGRAFIA | |
| 650 | 4 | _aIMAGEN | |
| 650 | 4 | _aPUBLICIDAD | |
| 650 | 4 | _aINVESTIGACION EN LA COMUNICACION | |
| 653 | 0 | _aNUEVAS TECNOLOGIAS | |
| 653 | 0 | _aEDUCACION PRIMARIA | |
| 653 | 0 | _aEDUCACION SECUNDARIA | |
| 653 | 0 | _aMULTIMEDIA | |
| 700 | 1 |
_aAparici, Roberto _ecoordinador |
|
| 700 | 1 | _aBazalgette, Cary | |
| 700 | 1 | _aCriticos, Costa | |
| 700 | 1 | _aCharles Creel, Mercedes | |
| 700 | 1 | _aDavis, Ben | |
| 700 | 1 | _aFuenzalida, Valerio | |
| 700 | 1 | _aGreenaway, Peter | |
| 700 | 1 | _aMasterman, Len | |
| 700 | 1 | _aMorán Costa, Manuel | |
| 700 | 1 | _aPrieto Castillo, Daniel | |
| 700 | 1 | _aQuin, Robyn | |
| 700 | 1 | _aSegovia Aguilar, Blas | |
| 700 | 1 | _aTyner, Kathleen | |
| 800 | 1 |
_aAparici, Roberto _ecoordinador |
|
| 942 | _cBK | ||
| 998 | _cSILVI | ||
| 999 |
_c11561 _d11561 |
||